[Event "Turniej Blitza na II Lidze Juniorów 2018"]
[Site "Szczyrk, Poland"]
[Date "2018.07.26"]
[Round "1.24"]
[White "Radecki, Adam"]
[Black "Straczek, Wiktoria"]
[Result "1-0"]
[TimeControl "3'+2\""]
[WhiteElo "1782"]
[BlackElo "1252"]

1. e4 {[%clk 00:03:03]} d5 {[%clk 00:03:03]} {[%emt 00:00:01]} 2. exd5 {[%clk
00:03:04]} {[%emt 00:00:01]} Qxd5 {[%clk 00:03:05]} 3. Nc3 {[%clk 00:03:05]}
Qd6 {[%clk 00:03:06]} 4. d4 {[%clk 00:03:06]} Nf6 {[%clk 00:03:07]} {[%emt
00:00:01]} 5. Nf3 {[%clk 00:03:07]} a6 {[%clk 00:03:08]} 6. g3 {[%clk
00:03:09]} Nc6 {[%clk 00:03:08]} {[%emt 00:00:01]} 7. Bg2 {[%clk 00:03:11]} Bg4
{[%clk 00:03:09]} {[%emt 00:00:01]} 8. Bf4 {[%clk 00:03:11]} {[%emt 00:00:02]}
Qd7 {[%clk 00:03:09]} {[%emt 00:00:01]} 9. d5 {[%clk 00:03:09]} {[%emt
00:00:05]} Nb4 {[%clk 00:02:58]} {[%emt 00:00:13]} 10. Qd2 {[%clk 00:03:10]}
{[%emt 00:00:01]} O-O-O {[%clk 00:02:53]} {[%emt 00:00:07]} 11. O-O {[%clk
00:03:10]} {[%emt 00:00:02]} Nbxd5 {[%clk 00:02:47]} {[%emt 00:00:08]} 12. Ne5
{[%clk 00:03:11]} Qe6 {[%clk 00:02:44]} {[%emt 00:00:05]} 13. Nxd5 {[%clk
00:03:07]} {[%emt 00:00:06]} Nxd5 {[%clk 00:02:44]} {[%emt 00:00:03]} 14. Nxg4
{[%clk 00:03:08]} Qxg4 {[%clk 00:02:41]} {[%emt 00:00:04]} 15. Bxd5 {[%clk
00:03:09]} {[%emt 00:00:02]} Qf5 {[%clk 00:02:36]} {[%emt 00:00:06]} 16. c4
{[%clk 00:03:07]} {[%emt 00:00:05]} e6 {[%clk 00:02:37]} 17. Qa5 {[%clk
00:03:05]} {[%emt 00:00:04]} Rd7 {[%clk 00:02:23]} {[%emt 00:00:16]} 18. Rfe1
{[%clk 00:02:53]} {[%emt 00:00:13]} Bd6 {[%clk 00:02:11]} {[%emt 00:00:13]} 19.
Bxd6 {[%clk 00:02:50]} {[%emt 00:00:06]} Rxd6 {[%clk 00:02:11]} {[%emt
00:00:02]} 20. Bxb7+ {[%clk 00:02:50]} {[%emt 00:00:02]} Kxb7 {[%clk 00:02:10]}
{[%emt 00:00:03]} 21. Qb4+ {[%clk 00:02:52]} Kc8 {[%clk 00:02:09]} {[%emt
00:00:02]} 22. c5 {[%clk 00:02:52]} {[%emt 00:00:03]} Rc6 {[%clk 00:02:08]}
{[%emt 00:00:03]} 23. Rac1 {[%clk 00:02:52]} {[%emt 00:00:02]} Rd8 {[%clk
00:01:51]} {[%emt 00:00:19]} 24. Qa4 {[%clk 00:02:52]} {[%emt 00:00:02]} Qf3
{[%clk 00:01:43]} {[%emt 00:00:10]} 25. Rc3 {[%clk 00:02:38]} {[%emt 00:00:17]}
Qd5 {[%clk 00:01:42]} {[%emt 00:00:03]} 26. b4 {[%clk 00:02:36]} {[%emt
00:00:03]} e5 {[%clk 00:01:41]} {[%emt 00:00:02]} 27. b5 {[%clk 00:02:35]}
{[%emt 00:00:04]} axb5 {[%clk 00:01:36]} {[%emt 00:00:08]} 28. Qxb5 {[%clk
00:02:35]} {[%emt 00:00:01]} Kd7 {[%clk 00:01:37]} 29. Rd3 {[%clk 00:02:36]}
{[%emt 00:00:02]} Ke8 {[%clk 00:01:35]} {[%emt 00:00:03]} 30. Rxd5 {[%clk
00:02:35]} {[%emt 00:00:03]} Rxd5 {[%clk 00:01:36]} {[%emt 00:00:01]} 31. Qxc6+
{[%clk 00:02:36]} {[%emt 00:00:01]} Rd7 {[%emt 00:00:03]} 32. Rxe5+ {[%clk
00:02:35]} {[%emt 00:00:01]} Kf8 {[%clk 00:01:37]} {[%emt 00:00:01]} 33. Qxd7
{[%emt 00:00:05]} Ke8 {[%emt 00:00:05]} 1-0

[Event "Turniej Blitza na II Lidze Juniorów 2018"]
[Site "Szczyrk, Poland"]
[Date "2018.07.26"]
[Round "1.57"]
[White "Ziolo, Oliwia"]
[Black "Oles, Martin"]
[Result "0-1"]
[TimeControl "3'+2\""]
[WhiteElo "1095"]
[BlackElo "1507"]

1. e4 {[%clk 00:03:02]} {[%emt 00:00:01]} g6 {[%clk 00:03:02]} {[%emt
00:00:02]} 2. d4 {[%clk 00:03:03]} {[%emt 00:00:01]} Bg7 {[%clk 00:03:03]}
{[%emt 00:00:01]} 3. Nf3 {[%clk 00:03:04]} {[%emt 00:00:01]} d6 {[%clk
00:03:04]} 4. Nc3 {[%clk 00:03:05]} {[%emt 00:00:01]} Nf6 {[%clk 00:03:05]}
{[%emt 00:00:01]} 5. Bd3 {[%clk 00:03:06]} {[%emt 00:00:01]} O-O {[%clk
00:03:06]} {[%emt 00:00:02]} 6. O-O {[%clk 00:03:06]} Nbd7 {[%clk 00:03:07]}
{[%emt 00:00:02]} 7. Bg5 {[%clk 00:03:07]} {[%emt 00:00:01]} h6 {[%clk
00:03:07]} {[%emt 00:00:01]} 8. Be3 {[%clk 00:03:07]} {[%emt 00:00:02]} e5
{[%clk 00:03:08]} {[%emt 00:00:01]} 9. d5 {[%clk 00:03:08]} {[%emt 00:00:02]}
Ng4 {[%clk 00:03:08]} {[%emt 00:00:01]} 10. Qd2 {[%clk 00:03:05]} {[%emt
00:00:05]} Nxe3 {[%clk 00:03:09]} {[%emt 00:00:01]} 11. Qxe3 {[%clk 00:03:06]}
f5 {[%clk 00:03:10]} {[%emt 00:00:02]} 12. exf5 {[%clk 00:03:06]} {[%emt
00:00:02]} gxf5 {[%clk 00:03:10]} {[%emt 00:00:02]} 13. Nd2 {[%clk 00:02:59]}
{[%emt 00:00:09]} Nf6 {[%clk 00:03:08]} {[%emt 00:00:04]} 14. f4 {[%clk
00:02:58]} {[%emt 00:00:03]} Ng4 {[%clk 00:03:08]} {[%emt 00:00:02]} 15. Qg3
{[%clk 00:02:56]} {[%emt 00:00:03]} e4 {[%clk 00:03:03]} {[%emt 00:00:08]} 16.
Be2 {[%clk 00:02:57]} {[%emt 00:00:01]} h5 {[%clk 00:02:58]} {[%emt 00:00:07]}
17. h3 {[%clk 00:02:57]} {[%emt 00:00:01]} Nf6 {[%clk 00:02:46]} {[%emt
00:00:14]} 18. Qg5 {[%clk 00:02:57]} {[%emt 00:00:03]} Qe8 {[%clk 00:02:43]}
{[%emt 00:00:05]} 19. Kh1 {[%clk 00:02:48]} {[%emt 00:00:11]} Kh7 {[%clk
00:02:34]} {[%emt 00:00:10]} 20. Rg1 {[%clk 00:02:44]} {[%emt 00:00:06]} Qg6
{[%clk 00:02:31]} {[%emt 00:00:06]} 21. Qxg6+ {[%clk 00:02:40]} {[%emt
00:00:06]} Kxg6 {[%clk 00:02:31]} {[%emt 00:00:02]} 22. Nf1 {[%clk 00:02:39]}
{[%emt 00:00:03]} Bd7 {[%clk 00:02:26]} {[%emt 00:00:07]} 23. Ne3 {[%clk
00:02:39]} {[%emt 00:00:01]} c6 {[%clk 00:02:24]} {[%emt 00:00:04]} 24. dxc6
{[%clk 00:02:39]} {[%emt 00:00:03]} bxc6 {[%clk 00:02:25]} {[%emt 00:00:01]} 25.
Rad1 {[%clk 00:02:39]} {[%emt 00:00:02]} d5 {[%clk 00:02:26]} {[%emt 00:00:01]}
26. g4 {[%clk 00:02:38]} {[%emt 00:00:02]} hxg4 {[%clk 00:02:26]} {[%emt
00:00:03]} 27. hxg4 {[%clk 00:02:38]} {[%emt 00:00:02]} Rh8+ {[%clk 00:02:25]}
{[%emt 00:00:03]} 28. Kg2 {[%clk 00:02:39]} {[%emt 00:00:01]} Nxg4 {[%clk
00:02:22]} {[%emt 00:00:04]} 29. Nxg4 {[%clk 00:02:39]} {[%emt 00:00:03]} fxg4
{[%clk 00:02:23]} {[%emt 00:00:01]} 30. Kf2 {[%clk 00:02:39]} {[%emt 00:00:01]}
Rh2+ {[%clk 00:02:14]} {[%emt 00:00:11]} 31. Kf1 {[%clk 00:02:39]} {[%emt
00:00:02]} Rah8 {[%clk 00:02:12]} {[%emt 00:00:05]} 32. Bxg4 {[%clk 00:02:36]}
{[%emt 00:00:04]} Bxg4 {[%clk 00:02:08]} {[%emt 00:00:07]} 33. Rxg4+ {[%clk
00:02:37]} Kf7 {[%clk 00:02:07]} {[%emt 00:00:02]} 34. Ne2 {[%clk 00:02:33]}
{[%emt 00:00:06]} Bxb2 {[%clk 00:02:02]} {[%emt 00:00:07]} 35. c3 {[%clk
00:02:31]} {[%emt 00:00:04]} R8h3 {[%clk 00:01:59]} {[%emt 00:00:05]} 36. Rg3
{[%emt 00:00:04]} Rxg3 {[%emt 00:00:03]} 37. Nxg3 {[%clk 00:02:27]} Bxc3 {[%clk
00:02:01]} {[%emt 00:00:03]} 38. Rc1 {[%clk 00:02:24]} {[%emt 00:00:04]} Bd2
{[%clk 00:01:56]} {[%emt 00:00:06]} 39. Rxc6 {[%clk 00:02:25]} {[%emt
00:00:03]} Bxf4 {[%clk 00:01:57]} {[%emt 00:00:02]} 40. Ne2 {[%clk 00:02:23]}
{[%emt 00:00:03]} Be3 {[%clk 00:01:38]} {[%emt 00:00:20]} 41. Rc7+ {[%clk
00:02:20]} {[%emt 00:00:05]} Ke6 {[%clk 00:01:39]} {[%emt 00:00:02]} 42. Rg7
{[%clk 00:01:59]} {[%emt 00:00:22]} d4 {[%clk 00:01:35]} {[%emt 00:00:07]} 43.
Rg4 {[%clk 00:01:57]} {[%emt 00:00:04]} Ke5 {[%clk 00:01:33]} {[%emt 00:00:04]}
44. Rg3 {[%clk 00:01:52]} {[%emt 00:00:06]} Bf4 {[%clk 00:01:24]} {[%emt
00:00:12]} 45. Rg4 {[%clk 00:01:49]} {[%emt 00:00:04]} Bd2 {[%clk 00:01:00]}
{[%emt 00:00:26]} 46. a4 {[%clk 00:01:42]} {[%emt 00:00:10]} d3 {[%clk
00:01:00]} {[%emt 00:00:02]} 47. Ng3 {[%clk 00:01:39]} {[%emt 00:00:04]} e3
{[%clk 00:00:59]} {[%emt 00:00:04]} 48. Kg1 {[%clk 00:01:16]} {[%emt 00:00:24]}
Rh8 {[%clk 00:00:51]} {[%emt 00:00:09]} 49. Re4+ {[%clk 00:01:12]} {[%emt
00:00:06]} Kd5 {[%clk 00:00:52]} {[%emt 00:00:02]} 50. Kg2 {[%clk 00:01:11]}
{[%emt 00:00:03]} Rg8 {[%clk 00:00:52]} {[%emt 00:00:02]} 51. Kf3 {[%clk
00:01:12]} {[%emt 00:00:02]} Rxg3+ {[%clk 00:00:51]} {[%emt 00:00:03]} 52. Kxg3
{[%clk 00:01:12]} {[%emt 00:00:02]} e2 {[%clk 00:00:50]} {[%emt 00:00:03]} 53.
Rxe2 {[%clk 00:01:09]} {[%emt 00:00:04]} dxe2 {[%clk 00:00:51]} {[%emt
00:00:02]} 54. Kf2 {[%clk 00:01:10]} e1=Q+ {[%clk 00:00:48]} {[%emt 00:00:03]}
0-1

[Event "Turniej Blitza na II Lidze Juniorów 2018"]
[Site "Szczyrk, Poland"]
[Date "2018.07.26"]
[Round "1.48"]
[White "Meers, Hubert"]
[Black "Franek, Krzysztof"]
[Result "1-0"]
[TimeControl "3'+2\""]
[WhiteElo "1549"]
[BlackElo "1142"]

1. e4 {[%clk 00:03:03]} b6 {[%clk 00:03:02]} {[%emt 00:00:03]} 2. d4 {[%clk
00:03:04]} {[%emt 00:00:01]} Bb7 {[%clk 00:03:04]} 3. Bd3 {[%clk 00:03:05]} e6
{[%clk 00:03:05]} 4. c4 {[%clk 00:03:05]} {[%emt 00:00:02]} Nf6 {[%clk
00:02:57]} {[%emt 00:00:10]} 5. f3 {[%clk 00:03:06]} {[%emt 00:00:01]} Bb4+
{[%clk 00:02:56]} {[%emt 00:00:02]} 6. Bd2 {[%clk 00:03:07]} {[%emt 00:00:02]}
Bxd2+ {[%clk 00:02:56]} {[%emt 00:00:02]} 7. Qxd2 {[%clk 00:03:08]} {[%emt
00:00:01]} d5 {[%clk 00:02:56]} {[%emt 00:00:03]} 8. cxd5 {[%clk 00:03:09]}
exd5 {[%clk 00:02:48]} {[%emt 00:00:10]} 9. e5 {[%emt 00:00:03]} Nfd7 {[%clk
00:02:45]} {[%emt 00:00:02]} 10. Ne2 {[%clk 00:03:09]} {[%emt 00:00:02]} Ba6
{[%clk 00:02:31]} {[%emt 00:00:17]} 11. O-O {[%clk 00:03:06]} {[%emt 00:00:06]}
Bxd3 {[%clk 00:02:31]} {[%emt 00:00:02]} 12. Qxd3 {[%clk 00:03:07]} {[%emt
00:00:01]} Nc6 {[%clk 00:02:29]} {[%emt 00:00:03]} 13. a3 {[%clk 00:03:07]}
{[%emt 00:00:02]} O-O {[%clk 00:02:29]} {[%emt 00:00:02]} 14. Nbc3 {[%clk
00:03:08]} {[%emt 00:00:01]} Qh4 {[%clk 00:02:17]} {[%emt 00:00:14]} 15. Nxd5
{[%clk 00:02:59]} {[%emt 00:00:11]} Rac8 {[%clk 00:02:12]} {[%emt 00:00:08]} 16.
Rac1 {[%clk 00:02:59]} Ndb8 {[%clk 00:02:08]} {[%emt 00:00:05]} 17. Nec3 {[%clk
00:02:47]} {[%emt 00:00:15]} Rfd8 {[%clk 00:02:00]} {[%emt 00:00:10]} 18. Rfd1
{[%clk 00:02:42]} {[%emt 00:00:07]} a5 {[%clk 00:01:33]} {[%emt 00:00:29]} 19.
g3 {[%clk 00:02:07]} {[%emt 00:00:37]} Qh6 {[%clk 00:01:32]} {[%emt 00:00:03]}
20. Kg2 {[%clk 00:02:07]} {[%emt 00:00:02]} Qe6 {[%clk 00:01:26]} {[%emt
00:00:08]} 21. Nf4 {[%clk 00:02:03]} {[%emt 00:00:06]} Qh6 {[%clk 00:01:18]}
{[%emt 00:00:10]} 22. Ncd5 {[%clk 00:01:58]} {[%emt 00:00:06]} g5 {[%clk
00:01:13]} {[%emt 00:00:08]} 23. Nf6+ {[%clk 00:01:58]} {[%emt 00:00:01]} Kg7
{[%clk 00:01:02]} {[%emt 00:00:13]} 24. N4d5 {[%clk 00:01:45]} {[%emt
00:00:15]} Nd7 {[%clk 00:00:52]} {[%emt 00:00:13]} 25. Rxc6 {[%clk 00:01:44]}
{[%emt 00:00:03]} Nxf6 {[%clk 00:00:30]} {[%emt 00:00:24]} 26. Nxf6 {[%clk
00:01:43]} {[%emt 00:00:03]} Kh8 {[%clk 00:00:05]} {[%emt 00:00:27]} 27. Rdc1
{[%clk 00:01:38]} {[%emt 00:00:06]} Qf8 {[%clk 00:03:02]} {[%emt 00:00:06]} 28.
Qxh7# 1-0

[Event "Turniej Blitza na II Lidze Juniorów 2018"]
[Site "Szczyrk, Poland"]
[Date "2018.07.26"]
[Round "1.23"]
[White "Zalewska, Malgorzata"]
[Black "Temel, Jan"]
[Result "0-1"]
[TimeControl "3'+2\""]
[WhiteElo "1254"]
[BlackElo "1796"]

1. e4 {[%clk 00:03:03]} e6 {[%clk 00:03:03]} {[%emt 00:00:01]} 2. d4 {[%clk
00:03:04]} {[%emt 00:00:01]} d5 {[%clk 00:03:05]} 3. e5 {[%clk 00:03:05]}
{[%emt 00:00:02]} c5 {[%clk 00:03:05]} {[%emt 00:00:01]} 4. c3 {[%clk
00:03:06]} Nc6 {[%clk 00:03:06]} 5. Nf3 {[%clk 00:03:07]} Qb6 {[%clk 00:03:07]}
{[%emt 00:00:01]} 6. Bd3 {[%clk 00:03:08]} Bd7 {[%clk 00:03:08]} {[%emt
00:00:01]} 7. Bc2 {[%clk 00:03:09]} f6 {[%clk 00:02:53]} {[%emt 00:00:17]} 8.
a3 {[%clk 00:03:09]} {[%emt 00:00:03]} fxe5 {[%clk 00:02:31]} {[%emt 00:00:22]}
9. dxe5 {[%clk 00:03:08]} {[%emt 00:00:04]} O-O-O {[%clk 00:02:22]} {[%emt
00:00:12]} 10. O-O {[%clk 00:03:07]} {[%emt 00:00:02]} Nge7 {[%clk 00:02:18]}
{[%emt 00:00:05]} 11. Be3 {[%clk 00:03:08]} {[%emt 00:00:02]} d4 {[%clk
00:01:31]} {[%emt 00:00:49]} 12. cxd4 {[%clk 00:03:07]} {[%emt 00:00:02]} cxd4
{[%clk 00:01:31]} {[%emt 00:00:02]} 13. Bxd4 {[%clk 00:03:05]} {[%emt
00:00:05]} Nxd4 {[%clk 00:01:28]} {[%emt 00:00:05]} 14. Nxd4 {[%clk 00:03:04]}
{[%emt 00:00:03]} Bb5 {[%clk 00:01:23]} {[%emt 00:00:07]} 15. Re1 {[%clk
00:03:02]} {[%emt 00:00:04]} Rxd4 {[%clk 00:01:21]} {[%emt 00:00:04]} 16. Qc1
{[%clk 00:03:00]} {[%emt 00:00:04]} Kb8 {[%clk 00:01:18]} {[%emt 00:00:05]} 17.
Nc3 {[%clk 00:02:55]} {[%emt 00:00:08]} Nc6 {[%clk 00:01:16]} {[%emt 00:00:03]}
18. Be4 {[%clk 00:02:50]} {[%emt 00:00:06]} Nxe5 {[%clk 00:01:07]} {[%emt
00:00:11]} 19. Bxh7 {[%clk 00:02:24]} {[%emt 00:00:28]} Ng4 {[%clk 00:00:56]}
{[%emt 00:00:14]} 20. Bc2 {[%clk 00:02:13]} {[%emt 00:00:13]} Nxf2 {[%clk
00:00:45]} {[%emt 00:00:12]} 21. Rf1 {[%clk 00:02:06]} {[%emt 00:00:09]} Nd3
{[%clk 00:00:42]} {[%emt 00:00:06]} 22. Bxd3 {[%clk 00:02:01]} {[%emt
00:00:07]} Rxd3+ {[%clk 00:00:42]} {[%emt 00:00:03]} 23. Kh1 {[%clk 00:02:02]}
Bc6 {[%clk 00:00:38]} {[%emt 00:00:05]} 24. Qf4+ {[%clk 00:02:00]} {[%emt
00:00:04]} Bd6 {[%clk 00:00:37]} {[%emt 00:00:03]} 25. Qg4 {[%clk 00:01:52]}
{[%emt 00:00:10]} Rxh2# {[%emt 00:00:04]} 0-1

[Event "Turniej Blitza na II Lidze Juniorów 2018"]
[Site "Szczyrk, Poland"]
[Date "2018.07.26"]
[Round "1.56"]
[White "Wolaniecki, Patryk"]
[Black "Krzanowska, Liliana"]
[Result "1-0"]
[TimeControl "3'+2\""]
[WhiteElo "1512"]
[BlackElo "1102"]

1. g3 {[%clk 00:03:03]} c5 {[%clk 00:03:03]} {[%emt 00:00:02]} 2. Nf3 {[%clk
00:03:04]} {[%emt 00:00:01]} d6 {[%clk 00:03:04]} 3. Bg2 {[%clk 00:03:05]}
{[%emt 00:00:01]} Nf6 {[%clk 00:03:05]} {[%emt 00:00:01]} 4. O-O {[%clk
00:03:05]} {[%emt 00:00:02]} g6 {[%clk 00:03:06]} 5. d3 {[%clk 00:03:05]}
{[%emt 00:00:02]} Bg7 {[%clk 00:03:07]} {[%emt 00:00:01]} 6. e4 {[%clk
00:03:07]} {[%emt 00:00:01]} O-O {[%clk 00:03:07]} {[%emt 00:00:01]} 7. Nc3
{[%clk 00:03:08]} {[%emt 00:00:01]} Nc6 {[%clk 00:03:08]} 8. Be3 {[%clk
00:03:04]} {[%emt 00:00:06]} Bd7 {[%clk 00:03:09]} {[%emt 00:00:01]} 9. Nh4
{[%clk 00:03:03]} {[%emt 00:00:04]} a6 {[%clk 00:03:09]} {[%emt 00:00:01]} 10.
f4 {[%clk 00:03:04]} e6 {[%clk 00:03:06]} {[%emt 00:00:05]} 11. a4 {[%clk
00:03:00]} {[%emt 00:00:05]} Qc7 {[%clk 00:03:07]} {[%emt 00:00:02]} 12. Bh3
{[%clk 00:02:47]} {[%emt 00:00:15]} Rab8 {[%clk 00:03:03]} {[%emt 00:00:06]} 13.
f5 {[%clk 00:02:48]} {[%emt 00:00:01]} exf5 {[%clk 00:03:00]} {[%emt 00:00:05]}
14. exf5 {[%clk 00:02:49]} {[%emt 00:00:02]} Rfe8 {[%clk 00:02:50]} {[%emt
00:00:11]} 15. Qd2 {[%clk 00:02:49]} {[%emt 00:00:02]} Nh5 {[%clk 00:02:39]}
{[%emt 00:00:13]} 16. Nd5 {[%clk 00:02:29]} {[%emt 00:00:22]} Qd8 {[%clk
00:02:27]} {[%emt 00:00:13]} 17. fxg6 {[%clk 00:02:27]} {[%emt 00:00:05]} hxg6
{[%clk 00:02:22]} {[%emt 00:00:07]} 18. Bxd7 {[%clk 00:02:26]} {[%emt
00:00:02]} Qxd7 {[%clk 00:02:23]} {[%emt 00:00:01]} 19. Rab1 {[%clk 00:02:04]}
{[%emt 00:00:24]} b5 {[%clk 00:02:18]} {[%emt 00:00:08]} 20. axb5 {[%clk
00:02:03]} {[%emt 00:00:04]} axb5 {[%clk 00:02:18]} {[%emt 00:00:01]} 21. Ng2
{[%clk 00:01:38]} {[%emt 00:00:26]} Qd8 {[%clk 00:02:09]} {[%emt 00:00:12]} 22.
Qf2 {[%clk 00:01:26]} {[%emt 00:00:15]} Rb7 {[%clk 00:01:59]} {[%emt 00:00:11]}
23. Ngf4 {[%clk 00:01:25]} {[%emt 00:00:02]} Nf6 24. Nxf6+ {[%clk 00:01:23]}
Bxf6 {[%clk 00:01:57]} {[%emt 00:00:01]} 25. Nd5 {[%clk 00:01:24]} Bg7 {[%clk
00:01:54]} {[%emt 00:00:05]} 26. Qd2 {[%clk 00:01:22]} {[%emt 00:00:04]} Re5
{[%clk 00:01:34]} {[%emt 00:00:22]} 27. c4 {[%clk 00:01:10]} {[%emt 00:00:15]}
bxc4 28. dxc4 Qe8 {[%clk 00:01:17]} {[%emt 00:00:18]} 29. Bh6 {[%clk 00:00:33]}
{[%emt 00:00:40]} Bh8 {[%clk 00:01:17]} {[%emt 00:00:02]} 30. Rf2 {[%clk
00:00:28]} {[%emt 00:00:08]} Bg7 {[%clk 00:01:17]} {[%emt 00:00:02]} 31. Bxg7
{[%clk 00:00:28]} {[%emt 00:00:02]} Kxg7 {[%clk 00:01:18]} {[%emt 00:00:01]} 32.
Rbf1 {[%clk 00:00:28]} {[%emt 00:00:02]} f5 {[%clk 00:01:14]} {[%emt 00:00:06]}
33. Qc3 {[%clk 00:00:27]} {[%emt 00:00:03]} Nb4 {[%clk 00:01:08]} {[%emt
00:00:08]} 34. Nxb4 Rxb4 35. Rd2 {[%clk 00:00:16]} {[%emt 00:00:04]} Qd7 {[%clk
00:01:08]} {[%emt 00:00:04]} 36. Rfd1 {[%clk 00:00:17]} {[%emt 00:00:01]} Rb6
{[%clk 00:01:06]} {[%emt 00:00:50]} 37. Qxe5+ {[%clk 00:00:18]} {[%emt
00:00:01]} dxe5 {[%clk 00:01:02]} {[%emt 00:00:07]} 38. Rxd7+ {[%clk 00:00:19]}
Kf6 {[%clk 00:01:03]} {[%emt 00:00:01]} 39. R7d6+ {[%clk 00:00:21]} {[%emt
00:00:01]} Rxd6 {[%clk 00:01:02]} {[%emt 00:00:02]} 40. Rxd6+ {[%clk 00:00:22]}
{[%emt 00:00:01]} Kg7 {[%clk 00:01:03]} 41. Rd5 {[%clk 00:00:23]} Kf6 {[%clk
00:01:02]} {[%emt 00:00:02]} 42. Rxc5 {[%clk 00:00:24]} {[%emt 00:00:01]} Ke7
{[%clk 00:01:03]} 43. Rd5 {[%clk 00:00:26]} Ke6 {[%clk 00:01:04]} 44. b4 {[%clk
00:00:27]} g5 {[%clk 00:01:04]} {[%emt 00:00:02]} 45. b5 {[%clk 00:00:29]} g4
{[%clk 00:01:05]} 46. b6 {[%clk 00:00:30]} {[%emt 00:00:01]} f4 {[%clk
00:01:06]} {[%emt 00:00:01]} 47. gxf4 {[%clk 00:00:30]} {[%emt 00:00:03]} exf4
{[%clk 00:01:07]} 48. b7 {[%clk 00:00:31]} f3 {[%clk 00:01:06]} {[%emt
00:00:04]} 49. b8=Q {[%clk 00:00:32]} {[%emt 00:00:01]} Ke7 {[%clk 00:01:05]}
{[%emt 00:00:03]} 50. Qc7+ {[%clk 00:00:33]} {[%emt 00:00:01]} Kf6 {[%clk
00:01:05]} {[%emt 00:00:02]} 51. Qc6+ {[%clk 00:00:32]} {[%emt 00:00:02]} Kf7
{[%clk 00:01:06]} {[%emt 00:00:02]} 52. Rd7+ {[%clk 00:00:34]} Kf8 {[%clk
00:01:06]} {[%emt 00:00:02]} 53. Qc8# {[%clk 00:00:35]} 1-0

[Event "Turniej Blitza na II Lidze Juniorów 2018"]
[Site "Szczyrk, Poland"]
[Date "2018.07.26"]
[Round "1.3"]
[White "Biesiadecki, Adam"]
[Black "Szadkowski, Kamil"]
[Result "0-1"]
[TimeControl "3'+2\""]
[BlackTitle "FM"]
[WhiteElo "1346"]
[BlackElo "2209"]

1. e4 {[%clk 00:03:03]} {[%emt 00:26:39]} e5 {[%clk 00:03:03]} {[%emt
00:00:02]} 2. Nf3 {[%clk 00:03:04]} Nc6 {[%clk 00:03:04]} 3. d4 {[%clk
00:03:05]} exd4 {[%clk 00:03:04]} {[%emt 00:00:02]} 4. Nxd4 {[%clk 00:03:06]}
{[%emt 00:00:01]} Bb4+ {[%clk 00:03:05]} {[%emt 00:00:02]} 5. c3 {[%clk
00:03:03]} {[%emt 00:00:05]} Bc5 {[%clk 00:03:06]} 6. Be3 {[%clk 00:03:00]}
{[%emt 00:00:05]} Bb6 {[%clk 00:03:07]} {[%emt 00:00:01]} 7. Bc4 {[%clk
00:02:59]} {[%emt 00:00:03]} d6 {[%clk 00:03:00]} {[%emt 00:00:09]} 8. Nd2
{[%clk 00:02:58]} {[%emt 00:00:03]} Qh4 {[%clk 00:02:54]} {[%emt 00:00:07]} 9.
Nxc6 {[%clk 00:02:45]} {[%emt 00:00:15]} bxc6 {[%clk 00:02:52]} {[%emt
00:00:04]} 10. Bxb6 {[%emt 00:00:05]} axb6 {[%clk 00:02:51]} {[%emt 00:00:02]}
11. Qf3 {[%clk 00:02:44]} {[%emt 00:00:01]} Qf6 {[%clk 00:02:44]} {[%emt
00:00:09]} 12. O-O {[%clk 00:02:42]} {[%emt 00:00:05]} Qxf3 {[%clk 00:02:42]}
{[%emt 00:00:04]} 13. Nxf3 {[%clk 00:02:42]} {[%emt 00:00:01]} Ne7 {[%clk
00:02:43]} 14. a3 {[%clk 00:02:38]} {[%emt 00:00:07]} O-O {[%clk 00:02:43]}
{[%emt 00:00:03]} 15. Rfe1 {[%clk 00:02:39]} {[%emt 00:00:01]} Ng6 {[%clk
00:02:38]} {[%emt 00:00:07]} 16. h3 {[%clk 00:02:37]} {[%emt 00:00:03]} h6
{[%clk 00:02:38]} {[%emt 00:00:03]} 17. Rad1 {[%clk 00:02:37]} {[%emt
00:00:01]} Re8 {[%clk 00:02:39]} {[%emt 00:00:01]} 18. Nd4 {[%clk 00:01:58]}
{[%emt 00:00:41]} Bb7 {[%clk 00:02:30]} {[%emt 00:00:11]} 19. Nf5 {[%clk
00:01:55]} {[%emt 00:00:06]} Ra5 {[%clk 00:02:09]} {[%emt 00:00:23]} 20. g3
{[%clk 00:01:43]} {[%emt 00:00:14]} Ne5 {[%clk 00:01:57]} {[%emt 00:00:14]} 21.
Be2 {[%clk 00:01:40]} {[%emt 00:00:04]} c5 {[%clk 00:01:57]} {[%emt 00:00:03]}
22. f4 {[%clk 00:01:37]} {[%emt 00:00:05]} Ng6 {[%clk 00:01:09]} {[%emt
00:00:50]} 23. Bd3 {[%emt 00:00:17]} b5 {[%emt 00:00:18]} 24. Re3 {[%emt
00:00:25]} Bc8 {[%emt 00:00:01]} 25. Rde1 {[%emt 00:00:10]} Bd7 {[%emt
00:00:04]} 26. R1e2 {[%emt 00:00:11]} b4 {[%emt 00:00:03]} 27. axb4 {[%emt
00:00:03]} cxb4 {[%emt 00:00:01]} 28. cxb4 {[%emt 00:00:03]} Ra4 {[%emt
00:00:02]} 29. Bc2 {[%emt 00:00:08]} Rxb4 {[%emt 00:00:03]} 30. Rb3 Rxb3 {[%emt
00:00:02]} 31. Bxb3 {[%emt 00:00:01]} Bxf5 32. exf5 {[%emt 00:00:09]} Rxe2
{[%emt 00:00:02]} 33. fxg6 {[%emt 00:00:01]} Rxb2 {[%emt 00:00:01]} 34. Bxf7+
{[%emt 00:00:02]} Kf8 35. Bd5 {[%emt 00:00:03]} c5 {[%emt 00:00:03]} 36. g4
{[%emt 00:00:04]} Rd2 37. Bb3 {[%emt 00:00:05]} d5 {[%emt 00:00:01]} 38. h4
{[%emt 00:00:07]} c4 {[%emt 00:00:01]} 39. Ba4 c3 {[%emt 00:00:02]} 40. g5
{[%emt 00:00:07]} h5 41. f5 {[%emt 00:00:01]} c2 42. Bxc2 {[%emt 00:00:01]}
Rxc2 43. f6 {[%clk 00:03:02]} {[%emt 00:00:05]} d4 {[%clk 00:03:02]} 0-1